| 000 | 00682nam a22002057a 4500 | ||
|---|---|---|---|
| 005 | 20140110114839.0 | ||
| 010 | _aB-519880-915 | ||
| 020 |
_a8179920038 _c140.00 |
||
| 035 | _aB-519880-915 | ||
| 037 |
_adpl _bBSB/Ven |
||
| 082 | _as | ||
| 100 | _aVerne, Jules | ||
| 245 |
_a20,000 Leagues under the Sea / _cby Jules Verne |
||
| 260 |
_aMumbai _bJaico Publishing House _c2012 |
||
| 270 |
_aA-2 Jash Chambers, 7-A Sir Phirozshah Mehta Raod Fort, _bMumbai _e400001 |
||
| 300 |
_a229p. : _bill. _c20cm(Hb) |
||
| 490 | _aJaico illustrated classics seies | ||
| 942 |
_2ddc _cCH _mVER _hS |
||
| 999 |
_c79019 _d79019 |
||